Music Quiz

Random Music or Classical Quiz
Score 0/26 Timer 04:00
12 Plays Today
% Correct
Accordion
97.2%
Piano
93.9%
Banjo
93.9%
Harp
93.9%
Flute
93.6%
Saxophone
92.9%
Violin
92.8%
Tambourine
92.6%
Guitar
91.2%
Maracas
91.1%
Ukulele
89.7%
Washboard
89.1%
Jug
87%
% Correct
Castanets
86.4%
Didgeridoo
86.1%
Kazoo
84.9%
English Horn
76.8%
Xylophone
76.5%
Ratchet
71.4%
Lute
67%
Ocarina
61.8%
Yangqin
61.7%
Zither
45.6%
Quena
43.4%
Igil
30%
Nyckelharpa
28.8%

You're not logged in!

Compare scores with friends on all Sporcle quizzes.
OR
Log In

Sporcle TV

Today on Sporcle TV


Watch our educational content, quiz creation guides, and fun videos on Sporcle TV.

Show Comments

Extras

Top Quizzes Today


Score Distribution

Paid Content

Your Account Isn't Verified!

In order to create a playlist on Sporcle, you need to verify the email address you used during registration. Go to your Sporcle Settings to finish the process.

Report this User

Report this user for behavior that violates our Community Guidelines.

Details: